4 to 13 letters quiz # M - Statistics

General Stats
  • This quiz has been taken 39 times
  • The average score is 7 of 10
Answer Stats
Hint Answer # of Letters % Correct
West African landlocked country Mali 4
92%
One of the New England states Maine 5
89%
State home to the second largest river in the US Mississippi 11
84%
Country sandwiched by Ukraine and Romania Moldova 7
81%
Southeast Asian capital Manila 6
78%
One of Thirteen Colonies state Massachusetts 13
76%
South Asian island country known for its blue lagoons Maldives 8
62%
North American capital (two words) Mexico City 10
62%
Indian island nation that was home to the extinct dodo bird Mauritius 9
59%
City in Riverside County, California (two words) Moreno Valley 12
3%
No matching quizzes found
Score Distribution
Percent of People with Each Score
Percentile by Number Answered
Your Score History
You have not taken this quiz